Közgyűlés előtt újabb indítványok - Kérelmek - Póttárgyak
Elmentve itt :
| Dokumentumtípus: | Cikk |
|---|---|
| Megjelent: |
1913-10-29
|
| Sorozat: | Délmagyarország
4 No. 252 |
| Kulcsszavak: | Közgyűlés Szeged 1913 |
| Online Access: | http://dmarchiv.bibl.u-szeged.hu/42884 |
| LEADER | 00450nab a2200145 i 4500 | ||
|---|---|---|---|
| 001 | delm42884 | ||
| 005 | 20180928090450.0 | ||
| 008 | 180927s1913 hu o 0|| hun d | ||
| 040 | |a SZTE Délmagyarország Archívum |b hun | ||
| 041 | |a hun | ||
| 245 | 0 | 0 | |a Közgyűlés előtt |h [elektronikus dokumentum] : |b újabb indítványok - Kérelmek - Póttárgyak |
| 260 | |c 1913-10-29 | ||
| 300 | |a 9 | ||
| 490 | 0 | |a Délmagyarország |v 4 No. 252 | |
| 695 | |a Közgyűlés Szeged 1913 | ||